Statistics for Name That Astronaut

Click here to take the quiz!

General Stats

  • This quiz has been taken 47 times
  • The average score is 9 of 20

Answer Stats

Answer % Correct
Neil {Armstrong}
93%
Buzz {Aldrin}
89%
Ю́рий {Гага́рин}
(Yuri {Gagarin})
81%
John {Glenn}
78%
Alan {Shepard}
67%
Jim {Lovell}
56%
Sally {Ride}
52%
Gus {Grissom}
52%
Ed {White}
44%
Валенти́на {Терешко́ва}
(Valentina {Tereshkova})
41%
Алексе́й {Лео́нов}
(Alexey {Leonov})
37%
Tim {Peake}
33%
Chris {Hadfield}
33%
Gordon {Cooper}
33%
Pete {Conrad}
30%
Judy {Resnik}
19%
Eileen {Collins}
19%
Story {Musgrave}
15%
Mae {Jemison}
11%
Guy {Bluford}
7%

Score Distribution

Percentile by Number Answered

Percent of People with Each Score

Your Score History

You have not taken this quiz